Dirigeants des pays européens 1848-1945 - Statistiques

Statistiques générales
  • Ce quiz a été pris 79 fois
  • Le résultat moyen est 15 sur 45
Statistiques - réponses
Hint Réponse % Correct
1924-1953 Staline
89%
1917-1924 Lénine
87%
1939-1975 Francisco Franco
75%
1848-1852 Louis-Napoléon Bonaparte
75%
1940-1944 Philippe Pétain
70%
1894-1917 Nicolas II
67%
1913-1920 Raymond Poincaré
64%
1871-1873 Adolphe Thiers
57%
1895-1899 Félix Faure
57%
1852-1870 Napoléon III
54%
1873-1879 Patrice de Mac Mahon
54%
1931-1932 Paul Doumer
54%
1887-1894 Sadi Carnot
52%
1932-1940 Albert Lebrun
48%
1924-1931 Gaston Doumergue
48%
1879-1887 Jules Grévy
46%
1920 Paul Deschanel
41%
1819-1901 Victoria
38%
1855-1881 Alexandre II
36%
1920-1924 Alexandre Millerand
34%
1906-1913 Armand Fallières
34%
1899-1906 Émile Loubet
34%
1910-1936 George V
34%
1901-1910 Édouard VII
30%
1936 Édouard VIII
30%
1894-1895 Jean Casimir-Perier
30%
1936-1952 George VI
26%
1874-1885 Alphonse XII
25%
1886-1931 Alphonse XIII
25%
1881-1894 Alexandre III
21%
1833-1868 Isabelle II
20%
juillet- octobre 1917 Alexandre Kerenski
8%
1944-1946 GPRF
8%
15-16 mars 1917 Michel II
7%
1825-1855 Nicolas Ier
7%
1870-1873 Amédée Ier
3%
1936-1939 Manuel Azaña
2%
1931-1936 Niceto Alcala Zamora
2%
juillet-septembre 1873 Nicolas Salmeron y Alonso
2%
septembre-janvier 1874 Emilio Castelar y Rippol
0%
février-juin 1873 Estanislao Figueras y Moragas
0%
juin-juillet 1873 Francisco Pi y Margall
0%
1868-1870 Francisco Serrano
0%
1874 Francisco Serrano
0%
mars- juillet 1917 Prince Gueorgui Lvov
0%
Aucun quiz correspondant
Distribution des résultats
% des personnes avec chaque résultat
Percentile par nombre de réponses
Votre historique - résultats
Vous n’avez pas pris ce quiz